<?xml version="1.0" encoding="UTF-8"?>
<collection xmlns="http://www.loc.gov/MARC21/slim">
 <record>
  <leader>02015cam a2200373  a4500</leader>
  <controlfield tag="001">1116876434</controlfield>
  <controlfield tag="003">DE-627</controlfield>
  <controlfield tag="005">20221125104041.0</controlfield>
  <controlfield tag="007">tu</controlfield>
  <controlfield tag="008">950728n19uuuuuuxx |||||      00| ||ger c</controlfield>
  <datafield tag="035" ind1=" " ind2=" ">
   <subfield code="a">(DE-627)1116876434</subfield>
  </datafield>
  <datafield tag="035" ind1=" " ind2=" ">
   <subfield code="a">(DE-576)04687643X</subfield>
  </datafield>
  <datafield tag="035" ind1=" " ind2=" ">
   <subfield code="a">(DE-599)BSZ04687643X</subfield>
  </datafield>
  <datafield tag="035" ind1=" " ind2=" ">
   <subfield code="a">(DE-604)8049284975</subfield>
  </datafield>
  <datafield tag="040" ind1=" " ind2=" ">
   <subfield code="a">DE-627</subfield>
   <subfield code="b">ger</subfield>
   <subfield code="c">DE-627</subfield>
   <subfield code="e">rakwb</subfield>
  </datafield>
  <datafield tag="041" ind1=" " ind2=" ">
   <subfield code="a">ger</subfield>
  </datafield>
  <datafield tag="084" ind1=" " ind2=" ">
   <subfield code="a">NR 3745</subfield>
   <subfield code="2">rvk</subfield>
   <subfield code="0">(DE-625)rvk/129307:</subfield>
  </datafield>
  <datafield tag="084" ind1=" " ind2=" ">
   <subfield code="a">15.53</subfield>
   <subfield code="2">bkl</subfield>
  </datafield>
  <datafield tag="100" ind1="1" ind2=" ">
   <subfield code="a">Bornheim Schilling, Werner</subfield>
   <subfield code="d">1915-1992</subfield>
   <subfield code="0">(DE-588)124098010</subfield>
   <subfield code="0">(DE-627)085636061</subfield>
   <subfield code="0">(DE-576)215299728</subfield>
   <subfield code="4">aut</subfield>
  </datafield>
  <datafield tag="245" ind1="1" ind2="0">
   <subfield code="a">Rheinische Höhenburgen</subfield>
   <subfield code="c">Werner Bornheim-Schilling</subfield>
  </datafield>
  <datafield tag="264" ind1=" " ind2="1">
   <subfield code="a">Neuss</subfield>
   <subfield code="b">Verlag Gesellschaft für Buchdruckerei</subfield>
   <subfield code="c">19XX-</subfield>
  </datafield>
  <datafield tag="336" ind1=" " ind2=" ">
   <subfield code="a">Text</subfield>
   <subfield code="b">txt</subfield>
   <subfield code="2">rdacontent</subfield>
  </datafield>
  <datafield tag="337" ind1=" " ind2=" ">
   <subfield code="a">ohne Hilfsmittel zu benutzen</subfield>
   <subfield code="b">n</subfield>
   <subfield code="2">rdamedia</subfield>
  </datafield>
  <datafield tag="338" ind1=" " ind2=" ">
   <subfield code="a">Band</subfield>
   <subfield code="b">nc</subfield>
   <subfield code="2">rdacarrier</subfield>
  </datafield>
  <datafield tag="490" ind1="0" ind2=" ">
   <subfield code="a">Jahrbuch</subfield>
   <subfield code="v">...</subfield>
  </datafield>
  <datafield tag="515" ind1=" " ind2=" ">
   <subfield code="a">Erschienen: 1 (1964) bis 3 (1964)</subfield>
  </datafield>
  <datafield tag="787" ind1="0" ind2="8">
   <subfield code="i">Rezension</subfield>
   <subfield code="a">Niester, Heinrich, 1909 - </subfield>
   <subfield code="t">Werner Bornheim gen. Schilling, Rheinische Höhenburgen</subfield>
   <subfield code="d">1966</subfield>
   <subfield code="w">(DE-627)1480211966</subfield>
   <subfield code="w">(DE-576)410211966</subfield>
  </datafield>
  <datafield tag="787" ind1="0" ind2="8">
   <subfield code="i">Rezensiert in</subfield>
   <subfield code="a">Stein, Günter, 1924 - 2000</subfield>
   <subfield code="t">[Rezension von: Werner Bornheim gen. Schilling, Rheinische Höhenburgen]</subfield>
   <subfield code="d">Nürnberg : Carl, 1965</subfield>
   <subfield code="w">(DE-627)1823593720</subfield>
  </datafield>
  <datafield tag="889" ind1=" " ind2=" ">
   <subfield code="w">(DE-576)48379578X</subfield>
  </datafield>
  <datafield tag="936" ind1="r" ind2="v">
   <subfield code="a">NR 3745</subfield>
   <subfield code="b">Burgen, Schlösser, Residenzen und Herrensitze</subfield>
   <subfield code="k">Landes- und Stadtgeschichte (Allgemeine, Deutsche und Österreichische Landes- und Stadtgeschichte, Ausländische Stadtgeschichte, Geschichte der Auslanddeutschen)</subfield>
   <subfield code="k">Deutsche Landesgeschichte im Einzelnen (einschl. ehemaliger deutscher Gebiete)</subfield>
   <subfield code="k">Niederrhein, Nordrhein-Westfalen</subfield>
   <subfield code="k">Burgen, Schlösser, Residenzen und Herrensitze</subfield>
   <subfield code="0">(DE-627)1271473712</subfield>
   <subfield code="0">(DE-625)rvk/129307:</subfield>
   <subfield code="0">(DE-576)201473712</subfield>
  </datafield>
  <datafield tag="936" ind1="b" ind2="k">
   <subfield code="a">15.53</subfield>
   <subfield code="j">Nordrhein-Westfalen</subfield>
   <subfield code="x">Geschichte</subfield>
   <subfield code="q">coli-conc RVK-&gt;BK</subfield>
   <subfield code="q">https://coli-conc.gbv.de/api/mappings/d17ec87c-da91-46a5-b0b6-fc2fa6cbe462</subfield>
   <subfield code="0">(DE-627)181571595</subfield>
  </datafield>
  <datafield tag="951" ind1=" " ind2=" ">
   <subfield code="a">MC</subfield>
  </datafield>
  <datafield tag="991" ind1=" " ind2=" ">
   <subfield code="a">Rezensiertes Werk</subfield>
  </datafield>
  <datafield tag="999" ind1=" " ind2=" ">
   <subfield code="a">KXP-PPN1116876434</subfield>
   <subfield code="e">4315638099</subfield>
  </datafield>
 </record>
</collection>
